Reader’s digest condensed books (Record no. 42434)

MARC details
000 -LEADER
fixed length control field 00382nam a2200145Ia 4500
050 ## - CALL MARK
Classification number AP 2 .R2553/
245 #0 - TITLE STATEMENT
Title Reader’s digest condensed books
260 ## - PUBLICATION, DISTRIBUTION, ETC. (IMPRINT)
Place of publication Pleasantville, N.Y.
260 ## - PUBLICATION, DISTRIBUTION, ETC. (IMPRINT)
Name of publisher The Reader's Digest Association, Inc.
260 ## - PUBLICATION, DISTRIBUTION, ETC. (IMPRINT)
Year of publication 1988
650 ## - SUBJECT ADDED ENTRY--TOPICAL TERM
Topical Term Pleasantville, N.Y.
942 ## - ADDED ENTRY ELEMENTS (KOHA)
Koha item type Books
Holdings
Withdrawn status Lost status Source of classification or shelving scheme Damaged status Not for loan Permanent Location Current Location Shelving location Date acquired Accession Number Price effective from Koha item type
    Library of Congress Classification     NILE UNIVERSITY OF NIGERIA - MAIN LIBRARY NILE UNIVERSITY OF NIGERIA - MAIN LIBRARY Items on shelf 06/03/2025 0001495 06/03/2025 Books
    Library of Congress Classification     NILE UNIVERSITY OF NIGERIA - MAIN LIBRARY NILE UNIVERSITY OF NIGERIA - MAIN LIBRARY Items on shelf 06/03/2025 0001496 06/03/2025 Books